Logo Biblioteca

Letras de tango : (Registro nro. 491)

Detalles MARC
000 -LEADER
fixed length control field 01014nam a22002297a 4500
003 - CONTROL NUMBER IDENTIFIER
control field OSt
005 - DATE AND TIME OF LATEST TRANSACTION
control field 20250918101509.0
008 - FIXED-LENGTH DATA ELEMENTS--GENERAL INFORMATION
fixed length control field 250515t2003 ag |||||r|||| 001 1dspa d
020 ## - INTERNATIONAL STANDARD BOOK NUMBER
International Standard Book Number 950-722-058-5
040 ## - CATALOGING SOURCE
Transcribing agency besoc
080 ## - UNIVERSAL DECIMAL CLASSIFICATION NUMBER
Authority record control number or standard number 78.085
245 00 - TITLE STATEMENT
Title Letras de tango :
Remainder of title de ayer, de hoy y de siempre /
Statement of responsibility, etc. [compilado por Carlos Alberto Cosentino].
250 ## - EDITION STATEMENT
Edition statement 1a ed.
260 ## - PUBLICATION, DISTRIBUTION, ETC.
Place of publication, distribution, etc. Buenos Aires :
Name of publisher, distributor, etc. Ediciones del Club,
Date of publication, distribution, etc. 2003.
300 ## - PHYSICAL DESCRIPTION
Extent 192 p. ;
Dimensions 20 cm.
504 ## - BIBLIOGRAPHY, ETC. NOTE
Bibliography, etc. note Incluye índice de autores
504 ## - BIBLIOGRAPHY, ETC. NOTE
Bibliography, etc. note Incluye índice de compositores
505 1# - FORMATTED CONTENTS NOTE
Title A media luz -- Adiós, muchachos -- Adiós, Pampa mía -- Afiches -- Al mundo le falta un tornillo -- Amurado -- Anclao en París -- Aquel tapado de armiño -- Arrabal amargo -- Atenti, pebeta -- Balada para un loco -- Bandoneón arrabalero -- Barrio de tango -- Café La Humedad -- Cambalache -- Caminito -- El último organito -- Naranjo en flor -- Sur -- Volver.
650 #4 - SUBJECT ADDED ENTRY--TOPICAL TERM
Topical term or geographic name entry element Tangos
700 1# - ADDED ENTRY--PERSONAL NAME
Personal name Cosentino, Carlos Alberto.
942 ## - ADDED ENTRY ELEMENTS (KOHA)
Source of classification or shelving scheme Universal Decimal Classification
Koha item type Obra General
Suppress in OPAC No
Existencias
Withdrawn status Lost status Source of classification or shelving scheme Damaged status Not for loan Collection Home library Current library Date acquired Source of acquisition Total checkouts Full call number Barcode Date last seen Price effective from Koha item type
    Universal Decimal Classification     Colección General Biblioteca Escuela de Ciencias Sociales Biblioteca Escuela de Ciencias Sociales 15/05/2025 Donación 2025   78.085 L649 001425 15/05/2025 15/05/2025 Obra General
Biblioteca de la Escuela Preuniversitaria en Ciencias Sociales y Humanísticas.
Riobamba 250 bis.
CP 2000 - Rosario - Santa Fe
E-Mail: biblioteca@esociales.unr.edu.ar